000 00509nam a2200181Ia 4500
999 _c14782
_d14782
003 OSt
005 20201022104558.0
008 190216s9999||||xx |||||||||||||| ||und||
020 _a9780199651368
040 _coclc
082 _a808
_bTOY/R
100 _aToye, Richard
_96047
245 0 _aRhetoric A Very Short Introduction /
_cRichard Toye
260 _bOxford University Press,
_c2013.
_aUK:
300 _a122p
650 _aEnglish
942 _cBK
_2ddc
_h808
_iTOY/R
_k808
_mTOY/R